Discover animals: sea mammals around Britain's coats (Record no. 649)

MARC details
000 -LEADER
fixed length control field 00579nam a22002057a 4500
005 - DATE AND TIME OF LATEST TRANSACTION
control field 20230926102440.0
040 ## - CATALOGING SOURCE
Original cataloging agency FISKH
Language of cataloging eng
Transcribing agency FISKH
Modifying agency FISKH
050 ## - LIBRARY OF CONGRESS CALL NUMBER
Classification number GC21.M33
082 ## - DEWEY DECIMAL CLASSIFICATION NUMBER
Classification number 551.46
100 ## - MAIN ENTRY--PERSONAL NAME
Personal name Tordjman, N
245 ## - TITLE STATEMENT
Title Discover animals: sea mammals around Britain's coats
260 ## - PUBLICATION, DISTRIBUTION, ETC.
Place of publication, distribution, etc. Petereborough :
Name of publisher, distributor, etc. Bayard Presse.
Date of publication, distribution, etc. 2000.
300 ## - PHYSICAL DESCRIPTION
Extent 64 pages :
Dimensions 22 cm
505 ## - FORMATTED CONTENTS NOTE
Formatted contents note K
520 ## - SUMMARY, ETC.
Summary, etc. A pictorial description of different ocean activities and mammals.
521 ## - TARGET AUDIENCE NOTE
Target audience note 510 <br/>
Source Lexile Estimate
521 ## - TARGET AUDIENCE NOTE
Target audience note K <br/>
Source Raz-Plus Estimate
942 ## - ADDED ENTRY ELEMENTS (KOHA)
Source of classification or shelving scheme Dewey Decimal Classification
Koha item type Books
Suppress in OPAC No
999 ## -
-- 649
-- 649
Holdings
Withdrawn status Lost status Source of classification or shelving scheme Damaged status Not for loan Collection Home library Current library Shelving location Date acquired Total Checkouts Full call number Barcode Date last seen Price effective from Koha item type
    Dewey Decimal Classification     Non-Fiction Footprints International School Library Network Toul Kork Campus Footprints International School Library Network Toul Kork Campus TK Primary Library Room(4th Floor), Bookcase 3&4, Shelves 17-32, Yellow Books 06/28/2023   TOR 551.46 GC21.M33 FISTK05039 06/28/2023 06/28/2023 Books